Les 50 meilleurs buteurs du Real Madrid - Statistiques

Statistiques générales
  • Ce quiz a été pris 256 fois
  • Le résultat moyen est 16 sur 50
Statistiques - réponses
Période au RM Matchs Buts Joueur Nationalité % Correct
2009-2018 438 450 Cristiano Ronaldo Portugal
100%
2009-2023 648 354 Karim Benzema France
99%
2002-2007 177 103 Ronaldo Brésil
97%
2013-2022 258 106 Gareth Bale Pays de Galles
89%
1994-2010 741 323 Raul Espagne
86%
2005-2021 671 101 Sergio Ramos Espagne
78%
1953-1964 360 276 Alfredo di Stefano EspagneArgenine
77%
2018- 239 65 Vinicius Brésil
76%
1958-1966 231 201 Ferenc Puskas Hongrie
75%
2001-2006 227 49 Zinedine Zidane France
71%
2019- 190 47 Rodrygo Brésil
65%
2000-2005 245 57 Luis Figo Portugal
64%
2006-2013 264 121 Gonzalo Higuain Argentine
60%
1985-1992 267 199 Hugo Sanchez Mexique
52%
1943-1948 96 73 Pruden Sanchez Espagne
52%
2013-2022 353 53 Isco Espagne
50%
2006-2010 96 64 Ruud Van Nistelrooy Pays-Bas
43%
2015-2023 286 61 Marco Asensio Espagne
42%
1996-2007 527 70 Roberto Carlos Brésil
42%
1984-1995 451 167 Emilio Butragueno Espagne
32%
1989-2003 601 127 Fernando Hierro Espagne
29%
1996-1999 109 49 Davor Suker Croatie
28%
1996-2010 542 77 Guti Espagne
28%
1997-2005 272 100 Fernando Morientes Espagne
27%
1953-1971 543 163 Paco Gento Espagne
25%
1983-19901992-1995 322 46 Rafa Martin Vazquez Espagne
17%
1936-1948 133 60 Chus Alonso Espagne
11%
1992-1996 173 101 Ivan Zamorano Chili
8%
1982-1996 541 129 Michel Espagne
6%
1971-1988 588 260 Santillana Espagne
6%
1964-1980 505 151 Pirri Espagne
5%
1984-1987 117 55 Jorge Valdano Argentine
3%
1977-1987 376 114 Juanito Espagne
3%
1962-1976 420 142 Amancio Espagne
2%
1954-1961 148 76 Hector Rial Espagne
2%
1974-1980 170 53 Roberto Martinez Espagne
2%
1946-1957 191 99 Luis Molowny Espagne
1%
1931-1936 108 63 Luis Regueiro Espagne
1%
1948-1953 131 112 Pahino Espagne
1%
1950-1957 114 61 Roque Olsen Argentine
1%
1977-1985 288 47 Uli Stielike Allemagne
1%
1953-1961 80 42 Enrique Mateos Espagne
0%
1934-1936 39 41 Fernando Sanudo Espagne
0%
1928-1935 102 49 Jaime Lazcano Espagne
0%
1951-1959 151 60 Joseito Espagne
0%
1939-1944 82 68 Manuel Alday Espagne
0%
1931-1934 48 43 Manuel Olivares Espagne
0%
1962-1977 362 54 Manuel Velazquez Espagne
0%
1964-1976 317 66 Ramon Grosso Espagne
0%
1939-1950 167 84 Sabino Barinaga Espagne
0%
Aucun quiz correspondant
Distribution des résultats
% des personnes avec chaque résultat
Percentile par nombre de réponses
Votre historique - résultats
Vous n’avez pas pris ce quiz